quiz de futebol nível fassa - Statistics

Estatísticas Gerais
  • Esse quiz foi jogado 47 vezes
  • A pontuação média é 2 de 10
Estatísticas das Respostas
Pergunta Resposta % Correto
Qual único país a participar de todas copas do mundo? Brasil
100%
Qual último campeão carioca último dos 4 grandes? Bangu
43%
De que parte de animal foi feita a primeira bola de futebol? Bexiga de boi
20%
Contra qual time George Best sofreu uma lesão no joelho em 1966? Preston North End
7%
Qual primeiro nome de ambos os técnicos que treinaram o Wydad Casablanca em 2002? Rachid
5%
Quem foi o autor do primeiro gol da partida Gokulam vs Mohammedan pela Supercopa Indiana em novembro de 2025? Albert Torres
2%
Que jogador permaneceu em campo mesmo após ser expulso na partida Anápolis 2x0 Guarani em julho de 2025? João Celeri
2%
Quanta renda o Remo arrecadou na série B de 2025 até novembro? 12.676.757,00
0%
Qual foi a odd fornecida pela SuperBet para a vitória do Ordino contra o Penya pela Primeira Divisão da Andorra? 2.87
0%
Que time venceu o Campeonato Zimbabuense de Futebol em 1962? Bulawayo Rovers
0%
Nenhum quiz correspondente encontrado
Distribuição das Pontuações
Porcentagem de Pessoas com Cada Pontuação
Percentil de Números Respondidos
Sua Pontuação Histórica
Você não jogou esse quiz